000 00286nam a2200121 i 4500
001 bg
245 0 _aSystemy eksperckie we wspomaganiu podejmowania decyzji.
260 _aPoznaƄ,
_c1987.
040 _cBPK
041 _apol
942 _cKS
008 s pl f |000 0 pol
999 _c23920
_d23920
856 _uhttp://koha.tu.koszalin.pl/cgi-bin/koha/opac-detail.pl?biblionumber=23920
_yKatalog online BPK